| 000 | 00884nas a2200289 4500 | ||
|---|---|---|---|
| 001 | BR9701593 | ||
| 003 | BR-BrBNA | ||
| 005 | 20231205100116.0 | ||
| 007 | ta | ||
| 008 | 230509b bl.|||p| |||| 00| 00por d | ||
| 040 |
_aBR-BrBNA _bpor _cBiblioteca Nacional de Agricultura |
||
| 041 | _a(Pt) | ||
| 072 | _aJ10 | ||
| 100 | 1 | _aMiranda, M.M.M. | |
| 100 | 1 | _aAraujo, J.M. de | |
| 100 | 1 | _aPicanco, M.Faleiro, F.G. | |
| 100 | 1 | _aMachado, A.T. | |
| 245 | 1 | _aDeteccao de nao-preferencia a Sitophilus zeamais Mots. em espigas e graos de 49 populacoes de milho | |
| 650 | _aMilho | ||
| 650 | _aEspiga | ||
| 650 | _aGrao | ||
| 650 | _aGorgulho dos Cereais | ||
| 650 | _aPopulacao de Planta | ||
| 773 | 0 |
_tRevista Brasileira de Armazenamento (Brazil) _xISSN 0100-3518 _g(1995), v. 20(1-2) p. 21-25 _wBR9701593 |
|
| 909 |
_a202311 _bLúcia _c55 _dLúcia Elande |
||
| 942 |
_2AGRIS _n0 _cANA |
||
| 999 |
_c154371 _d154371 |
||